Advocacia empresarial previdencir̀ia

Bibliographic Details
Main Author: Agostinho, Theodoro Vicente
Format: eBook
Language:Portuguese
Published: San Pablo: LTR, 2018
Subjects:
Online Access:Acceso restringido

MARC

LEADER 00000nam a22000007a 4500
005 20181221122356.0
007 cr|||| ||||
008 181221s2018 br |||||s|||| 00||0 por d
020 |a 978-85-361-9740-1 
035 |a 22597 
040 |a vLex 
090 |c 8360  |d 8360 
100 1 |a Agostinho, Theodoro Vicente 
245 1 0 |a Advocacia empresarial previdencir̀ia  |h [Recurso electrn̤ico] /  |c Theodoro Vicente Agostinho 
256 |a Servicio en ln̕ea 
260 |a San Pablo:  |b LTR,  |c 2018 
300 |a 1 recurso electrn̤ico 
500 |a Nos primeiros capt̕ulos buscamos analisar os princp̕ios gerais norteadores da Seguridade Social. Na segunda parte, investigamos as normas gerais a respeito dos elementos intrn̕secos da advocacia empresarial previdencir̀ia. Na derradeira, apresentamos os posicionamentos administrativos e judiciais sobre as vr̀ias verbas que compe̳m a base de cl̀culo da contribuiȯ̂ incidente sobre a folha de salr̀ios. Esta obra divulgar ̀a “Advocacia Empresarial Previdencir̀ia”, vertente pouco explorada, porm̌, muito promissora da Previdn̊cia Social no Brasil. 
506 1 |a Disponible solo en los productos indicados  |d vLex Global  |d vLex Global (Academic Edition, excluding Law Schools)  |d vLex Global (U.S. Academic Edition, Law Schools)  |d vLex Global (U.S. Academic Edition, excluding Law Schools)  |d vLex Global (Academic Edition, Law Schools) 
650 0 4 |a Seguridad Social  |z Brasil 
740 0 |a vLex Libros (Servicio en ln̕ea) 
856 4 0 |u http://vlex.com/source/advocacia-empresarial-previdenciaria-22597  |z Acceso restringido 
942 |c BOOK 
999 0 |a Social Security